000 00627cab a2200241 4500
001 ABS57480
008 090401t1997 xxu||||| |||| 00| 0 eng d
035 _a(Sirsi) u80141
041 _aeng
100 _aFordham, R.
245 4 _aThe needs test
260 _c1997
350 _a0
490 _aHousing
_v33(6) July/August 1997, 42(1)
520 _aDescribes a new way of measuring housing need and tenure by Fordham Research Services.
650 _aFORDHAM RESEARCH SERVICES
650 _aHOUSING NEED
650 _aMETHODOLOGY
650 _aTENURE
690 _aHOUSING
942 _n0
948 _c07/08/1997
999 _c50443
_d50443